| 000 | 00553nam a22001697a 4500 | ||
|---|---|---|---|
| 008 | 230609b |||||||| |||| 00| 0 eng d | ||
| 020 | _a0-12-341821-6 | ||
| 040 |
_aNational Science Library _cNational Science Library |
||
| 080 |
_a620.17 _bM1 |
||
| 245 | _aTreatise on material science and technology | ||
| 260 |
_aNew York: _bAcademic Press, _c1981 |
||
| 300 | _axii, 448p. | ||
| 500 | _aVol. 21 (Electronic structure and properties); ISBN: 0-12-341821-6; xii, 448p. | ||
| 650 | _aScience | ||
| 700 | _aFradin, Frank Y (Ed.) | ||
| 942 |
_2udc _cBK |
||
| 999 |
_c41316 _d41316 |
||